Agriculture: (Record no. 27591)

MARC details
000 -LEADER
fixed length control field 01111nam a22002537a 4500
005 - DATE AND TIME OF LATEST TRANSACTION
control field 20090618121619.0
008 - FIXED-LENGTH DATA ELEMENTS--GENERAL INFORMATION
fixed length control field 090617t xxu||||| |||| 00| 0 eng d
010 ## - LCCN (DPL NO)
LC control number ENG-94095
020 ## - INTERNATIONAL STANDARD BOOK NUMBER
Terms of availability 350.00
International Standard Book Number 9788183482875
035 ## - SYSTEM CONTROL NUMBER
System control number EN-77628
037 ## - SOURCE OF ACQUISITION
Source of stock number/acquisition DBAD / VEN
040 ## - CATALOGING SOURCE
Original cataloging agency dpl
Language of cataloging English
082 ## - DEWEY DECIMAL CLASSIFICATION NUMBER
Classification number 630.76
100 ## - MAIN ENTRY--PERSONAL NAME
Personal name Karhana, Pushpendra K.
245 ## - TITLE STATEMENT
Title Agriculture:
Remainder of title entrance examinaton for ARS, NET, SRF & JRF UPSC Administrative Service Examination, State Public Service Commission Examination & all competitive examination /
Statement of responsibility, etc by Pushpendra K. Karhana
246 ## - VARYING FORM OF TITLE
Title proper/short title Agriculture science :
Remainder of title an enhanced textbook
260 ## - PUBLICATION, DISTRIBUTION, ETC. (IMPRINT)
Place of publication, distribution, etc Meerut
Name of publisher, distributor, etc Arihant Publications
Date of publication, distribution, etc 2008
270 ## - ADDRESS
Address Kalindi, TP Nagar,
City Meerut
300 ## - PHYSICAL DESCRIPTION
Extent Various pagings
Dimensions 25cm(pbk)
650 ## - SUBJECT ADDED ENTRY--TOPICAL TERM
Topical term or geographic name as entry element Agriculture science
General subdivision Examinations, questions, etc.
942 ## - ADDED ENTRY ELEMENTS (KOHA)
Source of classification or shelving scheme Dewey Decimal Classification
Item type English Books
Call number suffix KAR
Classification part 630.76
Holdings
Withdrawn status Lost status Source of classification or shelving scheme Damaged status Not for loan Collection code Home library Current library Date acquired Source of acquisition Cost, normal purchase price Total Checkouts Full call number Barcode Date last seen Copy number Cost, replacement price Koha item type
    Dewey Decimal Classification   Not For Loan Non-fiction D.B.Act.Division D.B.Act.Division 18/06/2009 DBAD / VEN 350.00   630.76 KAR EN-77628 18/06/2009 1 350.00 English Books

© Delhi Public Library
Hit Counter
free hit counter